Loading...
| History - American | 0 | 8 | 2 | 1 | 70 | 82 | 105.63 | 0 | 3 | 0.00 | 0.00 |
| Science - Biology | 0 | 7 | 0 | 3 | 70 | 69 | 106.00 | 0 | 2 | 0.00 | 0.00 |
| Religion | 0 | 7 | 1 | 3 | 65 | 73 | 120.14 | 2 | 2 | 0.00 | 0.00 |
| History - European | 0 | 7 | 1 | 0 | 65 | 57 | 98.29 | 1 | 2 | 0.00 | 0.00 |
| Science - Physics | 0 | 6 | 0 | 1 | 60 | 112 | 131.17 | 0 | 0 | 0.00 | 0.00 |
| Fine Arts - Other | 0 | 6 | 0 | 1 | 60 | 34 | 89.00 | 0 | 2 | 0.00 | 0.00 |
| History - World | 0 | 5 | 0 | 1 | 50 | 101 | 122.20 | 0 | 1 | 0.00 | 0.00 |
| Social Science | 0 | 5 | 1 | 1 | 45 | 102 | 122.60 | 0 | 0 | 0.00 | 0.00 |
| Other Academic | 0 | 4 | 0 | 1 | 40 | 61 | 105.50 | 1 | 3 | 0.00 | 0.00 |
| Geography | 0 | 4 | 0 | 1 | 40 | 102 | 113.00 | 0 | 0 | 0.00 | 0.00 |
| History - Other | 0 | 5 | 3 | 0 | 35 | 19 | 114.40 | 0 | 1 | 0.00 | 0.00 |
| Fine Arts - Classical Music | 0 | 3 | 0 | 1 | 30 | 110 | 131.67 | 0 | 0 | 0.00 | 0.00 |
| Science - Other | 0 | 3 | 0 | 0 | 30 | 121 | 126.00 | 0 | 0 | 0.00 | 0.00 |
| Mythology | 0 | 3 | 1 | 0 | 25 | 83 | 120.33 | 0 | 1 | 0.00 | 0.00 |
| Literature - British | 0 | 2 | 0 | 0 | 20 | 101 | 117.00 | 0 | 1 | 0.00 | 0.00 |
| Current Events | 0 | 2 | 0 | 1 | 20 | 115 | 120.50 | 0 | 0 | 0.00 | 0.00 |
| Literature - European | 0 | 2 | 0 | 1 | 20 | 103 | 128.50 | 0 | 0 | 0.00 | 0.00 |
| Fine Arts - Painting & Sculpture | 0 | 2 | 1 | 0 | 15 | 123 | 129.00 | 0 | 0 | 0.00 | 0.00 |
| Philosophy | 0 | 1 | 0 | 0 | 10 | 120 | 120.00 | 0 | 0 | 0.00 | 0.00 |
| Literature - American | 0 | 1 | 0 | 1 | 10 | 142 | 142.00 | 0 | 0 | 0.00 | 0.00 |
| Science - Chemistry | 0 | 0 | 0 | 0 | 0 | 0.00 | 0 | 0 | 0.00 | 0.00 |